<?xml version="1.0" encoding="UTF-8"?>
<marc:record xmlns:marc="http://www.loc.gov/MARC21/slim">
   <marc:leader>00000nam a2200000 a 4500</marc:leader>
   <marc:datafield ind1="1" ind2=" " tag="100">
      <marc:subfield code="a">Reider, Katja</marc:subfield>
      <marc:subfield code="4">aut</marc:subfield>
      <marc:subfield code="e">Verfasser/-in</marc:subfield>
   </marc:datafield>
   <marc:datafield ind1="1" ind2=" " tag="100">
      <marc:subfield code="a">Flad, Antje</marc:subfield>
      <marc:subfield code="4">ill</marc:subfield>
      <marc:subfield code="e">Illustrator/-in</marc:subfield>
   </marc:datafield>
   <marc:datafield ind1=" " ind2=" " tag="653">
      <marc:subfield code="a">Softcover / Kinder- und Jugendbücher/Bilderbücher/Pappbilderbücher</marc:subfield>
   </marc:datafield>
   <marc:datafield ind1=" " ind2=" " tag="653">
      <marc:subfield code="a">Fühlbilderbücher</marc:subfield>
   </marc:datafield>
   <marc:datafield ind1=" " ind2=" " tag="653">
      <marc:subfield code="a">Der kleine Trotzdrache</marc:subfield>
   </marc:datafield>
   <marc:datafield ind1=" " ind2=" " tag="653">
      <marc:subfield code="a">Buch teilen lernen Kinder</marc:subfield>
   </marc:datafield>
   <marc:datafield ind1=" " ind2=" " tag="653">
      <marc:subfield code="a">Rituale im Familienalltag</marc:subfield>
   </marc:datafield>
   <marc:datafield ind1=" " ind2=" " tag="653">
      <marc:subfield code="a">Vorlesebuch ab 18 Monaten</marc:subfield>
   </marc:datafield>
   <marc:datafield ind1=" " ind2=" " tag="653">
      <marc:subfield code="a">Pappbilderbuch Teilen lernen</marc:subfield>
   </marc:datafield>
   <marc:datafield ind1=" " ind2=" " tag="653">
      <marc:subfield code="a">Pappbilderbuch ab 18 Monaten</marc:subfield>
   </marc:datafield>
   <marc:datafield ind1=" " ind2=" " tag="653">
      <marc:subfield code="a">Helfen</marc:subfield>
   </marc:datafield>
   <marc:datafield ind1=" " ind2=" " tag="653">
      <marc:subfield code="a">teilen</marc:subfield>
   </marc:datafield>
   <marc:datafield ind1=" " ind2=" " tag="653">
      <marc:subfield code="a">sich vertragen</marc:subfield>
   </marc:datafield>
   <marc:datafield ind1=" " ind2=" " tag="653">
      <marc:subfield code="a">Pappbilderbuch für Kleinkinder</marc:subfield>
   </marc:datafield>
   <marc:datafield ind1=" " ind2=" " tag="653">
      <marc:subfield code="a">Meins! Nein</marc:subfield>
   </marc:datafield>
   <marc:datafield ind1=" " ind2=" " tag="653">
      <marc:subfield code="a">meins! Norbert Landa</marc:subfield>
   </marc:datafield>
   <marc:datafield ind1=" " ind2=" " tag="653">
      <marc:subfield code="a">Vorlesegeschichten zum Einschlafen</marc:subfield>
   </marc:datafield>
   <marc:datafield ind1=" " ind2=" " tag="653">
      <marc:subfield code="a">Vorlesen für Kinder ab 18 Monaten</marc:subfield>
   </marc:datafield>
   <marc:datafield ind1=" " ind2=" " tag="653">
      <marc:subfield code="a">Bilderbuchgeschichten ab 18 Monaten</marc:subfield>
   </marc:datafield>
   <marc:datafield ind1=" " ind2=" " tag="653">
      <marc:subfield code="a">Vorlesebuch für Kinder ab 18 Monaten</marc:subfield>
   </marc:datafield>
   <marc:datafield ind1=" " ind2=" " tag="653">
      <marc:subfield code="a">Pappbilderbücher mit und ohne Zusatzteile</marc:subfield>
   </marc:datafield>
   <marc:datafield ind1="0" ind2="0" tag="245">
      <marc:subfield code="a">Wie kleine Tiere teilen lernen</marc:subfield>
   </marc:datafield>
   <marc:datafield ind1="0" ind2="0" tag="245">
      <marc:subfield code="b">Gereimtes Pappbilderbuch zum Thema Teilen für Kinder ab 2 Jahren - Mit praktischen Tipps für Eltern</marc:subfield>
   </marc:datafield>
   <marc:datafield ind1="0" ind2="0" tag="245">
      <marc:subfield code="c">Katja Reider</marc:subfield>
   </marc:datafield>
   <marc:datafield ind1=" " ind2="1" tag="264">
      <marc:subfield code="a">Bindlach</marc:subfield>
      <marc:subfield code="b">Loewe</marc:subfield>
      <marc:subfield code="c">2026</marc:subfield>
   </marc:datafield>
   <marc:datafield ind1="1" ind2=" " tag="490">
      <marc:subfield code="a">Loewe von Anfang an</marc:subfield>
   </marc:datafield>
   <marc:datafield ind1=" " ind2=" " tag="250">
      <marc:subfield code="a">1. Auflage</marc:subfield>
   </marc:datafield>
   <marc:datafield ind1="1" ind2=" " tag="520">
      <marc:subfield code="a">Loewe-Bücher: garantiert ohne KI
&lt;br&gt;
&lt;br&gt;
&lt;br&gt;
Wie schön: Der Hamster kommt die Maus besuchen! Voller Stolz zeigt sie ihr Spielzeug-Feuerwehrauto. Aber was ist das? Der Hamster möchte es haben. „Nein!“, ruft die Maus.
&lt;br&gt;
&lt;br&gt;
Er zerrt, sie schreit – und schon entbrennt ein großer Streit!
&lt;br&gt;
&lt;br&gt;
Ob die beiden sich wieder vertragen können?
&lt;br&gt;
&lt;br&gt;
Wie das Teilen schon den Kleinsten gelingen kann, zeigt dieses liebevoll gereimte Pappbilderbuch.
&lt;br&gt;
&lt;br&gt;
&lt;br&gt;
&lt;br&gt;
Mit praktischen Tipps zum Teilen lernen.
&lt;br&gt;

&lt;br&gt;
&lt;br&gt;
Für wen ist das Buch Wie kleine Tiere teilen lernen geeignet?
&lt;br&gt;
Das einfühlsame Pappbilderbuch mit seinen fröhlichen und bunten Illustrationen ist ideal für Familie mit jungen Kindern ab 18 Monaten geeignet und hilft Eltern durch alltagsnahe Anregungen und Tipps ihren Kleinen das Teilen behutsam und verständlich näherzubringen.
&lt;br&gt;
Wie hilft die Geschichte im Familienalltag?
&lt;br&gt;
Die liebevoll erzählte Geschichte nimmt den Druck aus dem Alltag, indem sie typische Stressmomente in der Familie einfühlsam aufgreift und liebevoll auflöst und beim Entspannen und Runterkommen unterstützt.
&lt;br&gt;
Was macht dieses Pappbilderbuch so besonders?
&lt;br&gt;
Die melodiösen Reime wirken beruhigend, sorgen für gute Laune und animieren Kinder spielerisch zum Nachsprechen und Mitmachen und die praktischen Tipps bieten Eltern eine konkrete Unterstützung bei einem schwierigen Thema.
&lt;br&gt;
Ist Wie kleine Tiere teilen lernen auch für unterwegs geeignet?
&lt;br&gt;
Antwort: Ja, dank des handlichen Formats, der stabilen Seiten und der abgerundeten Ecken passt das Pappbilderbuch in jede Tasche und ist somit der ideale Begleiter für daheim und auf Reisen.
&lt;br&gt;
Unterstützt das Pappbilderbuch die Entwicklung von Kleinkindern?
&lt;br&gt;
Ja, durch das gemeinsame Vorlesen und die wiederkehrende Rituale erleben Kleinkinder Nähe, Verlässlichkeit und Geborgenheit, was ihnen dabei hilft, ihre Gefühle zu verstehen, Stress abzubauen und innere Sicherheit zu entwickeln, wodurch ihre Entwicklung nachhaltig gestärkt wird.
&lt;br&gt;
</marc:subfield>
   </marc:datafield>
   <marc:datafield ind1=" " ind2=" " tag="020">
      <marc:subfield code="a">9783743224186</marc:subfield>
      <marc:subfield code="9">9783743224186</marc:subfield>
   </marc:datafield>
   <marc:datafield ind1=" " ind2=" " tag="020">
      <marc:subfield code="a">3743224186</marc:subfield>
      <marc:subfield code="9">3743224186</marc:subfield>
   </marc:datafield>
   <marc:datafield ind1=" " ind2=" " tag="041">
      <marc:subfield code="a">ger</marc:subfield>
   </marc:datafield>
   <marc:datafield ind1=" " ind2=" " tag="300">
      <marc:subfield code="a">18 Seiten</marc:subfield>
   </marc:datafield>
</marc:record>
